| 000 | 01487nam a2200361 a 4500 | ||
|---|---|---|---|
| 001 | ebr10039973 | ||
| 003 | CaPaEBR | ||
| 006 | m u | ||
| 007 | cr cn||||||||| | ||
| 008 | 040329s2003 dcua sbc 000 0 eng d | ||
| 010 | _z 2004268979 | ||
| 020 | _z1585760544 | ||
| 040 |
_aCaPaEBR _cCaPaEBR |
||
| 035 | _a(OCoLC)614544466 | ||
| 043 | _an-us--- | ||
| 050 | 1 | 4 |
_aKF5505 _b.W554 2003eb |
| 082 | 0 | 4 |
_a333.95/16/0973 _222 |
| 100 | 1 | _aWilkinson, Jessica Bennett. | |
| 245 | 1 | 0 |
_aPlanning with nature _h[electronic resource] : _bbiodiversity information in action. |
| 260 |
_aWashington, D.C. : _bEnvironmental Law Institute, _cc2003. |
||
| 300 |
_a33 p. : _bill. |
||
| 500 | _aAuthors, Jessica Wilkinson and Christina Kennedy. | ||
| 504 | _aIncludes bibliographical references. | ||
| 533 |
_aElectronic reproduction. _bPalo Alto, Calif. : _cebrary, _d2013. _nAvailable via World Wide Web. _nAccess may be limited to ebrary affiliated libraries. |
||
| 650 | 0 |
_aBiodiversity conservation _xLaw and legislation _zUnited States _xStates. |
|
| 650 | 0 |
_aConservation of natural resources _xLaw and legislation _zUnited States _xStates. |
|
| 650 | 0 |
_aLand use _zUnited States _xStates _xPlanning. |
|
| 655 | 7 |
_aElectronic books. _2local |
|
| 700 | 1 | _aKennedy, Christina. | |
| 710 | 2 | _aEnvironmental Law Institute. | |
| 710 | 2 | _aebrary, Inc. | |
| 856 | 4 | 0 |
_uhttp://site.ebrary.com/lib/rucke/Doc?id=10039973 _zAn electronic book accessible through the World Wide Web; click to view |
| 999 |
_c60004 _d60004 |
||